00257nam a2200073Ia 4500082001900000245007200019100005100091008004100142 a641.56314 LATE 0aSuid-Afrikaanse kookboek vir diabetes en insulienweerstandigheid 1  a Lategan, Hilda A. Kaapstad, 2009 2de uitg 210817s9999 xx 000 0 und d